Nations in the 1980 Winter Olympics - Statistics

General Stats
  • This quiz has been taken 34 times
  • The average score is 30 of 37
Answer Stats
Hint Answer % Correct
America Canada
100%
America United States
100%
Asia China
92%
Europe Italy
92%
Asia Japan
92%
Europe Soviet Union
92%
Europe Sweden
92%
Oceania Australia
88%
Europe Austria
88%
Europe Finland
88%
Europe France
88%
Oceania New Zealand
88%
Europe Norway
88%
Europe Poland
88%
Asia South Korea
88%
Europe Spain
88%
Europe Switzerland
88%
Europe Great Britain
84%
Europe Hungary
84%
Europe West Germany
84%
America Argentina
80%
Europe East Germany
80%
Europe Iceland
80%
Europe Netherlands
80%
Europe Andorra
76%
Europe Belgium
76%
Europe Bulgaria
76%
Europe Greece
76%
Europe Romania
76%
Europe Yugoslavia
76%
Europe Czechoslovakia
72%
Europe Liechtenstein
72%
America Bolivia
64%
Asia Lebanon
56%
Asia Mongolia
56%
America Costa Rica
52%
Asia Cyprus
48%
No matching quizzes found
Score Distribution
Percent of People with Each Score
Percentile by Number Answered
Your Score History
You have not taken this quiz